|
|
|
|
| LEADER |
00000nam0a2200000 4500 |
| 001 |
72928 |
| 005 |
20231031083948.0 |
| 035 |
|
|
|a (RuTPU)RU\TPU\book\77764
|
| 090 |
|
|
|a 72928
|
| 100 |
|
|
|a 20050204d1976 km y0rusy50 ca
|
| 101 |
0 |
|
|a rus
|
| 102 |
|
|
|a RU
|
| 105 |
|
|
|a a z 001zy
|
| 200 |
1 |
|
|a Теплообменная аппаратура химических производств. Инженерные методы расчета
|f О. Н. Маньковский, А. Р. Толчинский, М. В. Александров
|g Под ред. П. Г. Романкова, М. И. Курочкиной
|
| 210 |
|
|
|a Ленинград
|c Химия
|d 1976
|
| 215 |
|
|
|a 367 с.
|c ил.
|
| 320 |
|
|
|a Библиогр.: с. 361-365.
|
| 610 |
1 |
|
|a химия
|
| 610 |
1 |
|
|a химические производства
|
| 610 |
1 |
|
|a теплообменные аппараты
|
| 610 |
1 |
|
|a расчет
|
| 610 |
1 |
|
|a теплообмен
|
| 610 |
1 |
|
|a автоматизация
|
| 675 |
|
|
|a 66.045
|v 3
|
| 700 |
|
1 |
|a Маньковский
|b О. Н.
|g Олег Николаевич
|
| 701 |
|
1 |
|a Толчинский
|b А. Р.
|g Арон Рахмилович
|
| 701 |
|
1 |
|a Александров
|b М. В.
|g Марат Валентинович
|
| 702 |
|
1 |
|a Романков
|b П. Г.
|4 340
|
| 702 |
|
1 |
|a Курочкина
|b М. И.
|4 340
|
| 801 |
|
1 |
|a RU
|b 63413507
|c 20050204
|g PSBO
|
| 801 |
|
2 |
|a RU
|b 63413507
|c 20121206
|g PSBO
|
| 942 |
|
|
|c BK
|